| Tag |
First Indicator |
Second Indicator |
Subfields |
| LEADER |
00000cam a2200000 i 4500 |
| 001 |
in00004746421 |
| 008 |
921121m19701980azuac 000 0 eng d |
| 005 |
20231009164443.7 |
| 035 |
|
|
|a (OCoLC)ocn797273263
|
| 040 |
|
|
|a MM3
|b eng
|c MM3
|d OCLCQ
|d OCLCO
|d OCLCF
|d OCLCQ
|d OCLCA
|d OCLCO
|d TXA
|
| 035 |
|
|
|a (OCoLC)797273263
|
| 043 |
|
|
|a n-us-az
|
| 050 |
|
4 |
|a F811
|b .W49 1970z
|
| 082 |
0 |
4 |
|a 630.1
|
| 245 |
0 |
4 |
|a The Western way :
|b the old, the new.
|
| 260 |
|
|
|a Phoenix :
|b United Producers and Consumers Co-operative.
|c [between 1970 and 1980?]
|
| 300 |
|
|
|a 32 pages :
|b illustrations, portraits ;
|c 22 cm
|
| 336 |
|
|
|a text
|b txt
|2 rdacontent
|
| 337 |
|
|
|a unmediated
|b n
|2 rdamedia
|
| 338 |
|
|
|a volume
|b nc
|2 rdacarrier
|
| 500 |
|
|
|a Cover title
|
| 500 |
|
|
|a Date estimated from reference on page 32 to the Manual of Brands and Marks, published by the University of Oklahoma Press in 1970.
|
| 500 |
|
|
|a Includes a history of the Horseshoe Ranch near Mayer, Arizona, owned by Louis WIngfield from the 1960's to the 1990's.
|
| 610 |
2 |
0 |
|a Horseshoe Ranch (Mayer, Ariz.)
|x History.
|
| 650 |
|
0 |
|a Ranch life
|z Arizona
|x History.
|
| 650 |
|
0 |
|a Ranch life
|x History.
|
| 650 |
|
6 |
|a Vie au ranch
|z Arizona.
|
| 650 |
|
7 |
|a Ranch life.
|2 fast
|0 (OCoLC)fst01089735
|
| 651 |
|
7 |
|a Arizona.
|2 fast
|0 (OCoLC)fst01204820
|
| 994 |
|
|
|a Z0
|b TXA
|
| 948 |
|
|
|h HELD BY TXA - 1 OTHER HOLDINGS
|
| 999 |
f |
f |
|s 4500f1c2-3696-41ed-9314-56699cd4deb1
|i 332c72ce-2a71-4452-9529-ecea20f0f30c
|t 0
|
| 952 |
f |
f |
|p noncirc
|a Texas A&M University
|b College Station
|c Cushing Memorial Library & Archives
|d Cushing: Dykes (Does not check out)
|t 0
|e F811 W49 1970z
|h Library of Congress classification
|i unmediated -- volume
|m A14853070601
|
| 998 |
f |
f |
|a F811 W49 1970z
|t 0
|l Cushing: Dykes (Does not check out)
|